000 01031nam a22003257a 4500
003 CHAP
005 20220329143347.0
008 081216s2006 co r 0 010 spa d
010 _a95504
011 _a96476
020 _a9589785417
035 _a107130
040 _cCHAP
090 _aFolleto 17401
100 1 _aÁlvarez Jiménez, Rafael A.
_982407
245 1 0 _aFactorización
_c/por Rafael A. Álvarez Jimenez y Francisco G. Mejía Duque
260 _aMedellín, Col.
_bUniversidad de Colombia
_c2006
300 _a79 p.
590 _aBATCH-UPD
_b10
_c20130110
_lUCH01
_h0727
590 _aBATCH-UPD
_b10
_c20130410
_lUCH01
_h0411
590 _aBATCH-UPD
_b10
_c20130914
_lUCH01
_h0358
590 _aCONVERSION
_b10
_c20130109
_lUCH01
_h1353
650 1 4 _aÁlgebra lineal.
_982392
650 1 4 _aAritmética.
_97117
650 1 4 _aMatemáticas.
_972901
700 1 _aMejía Duque, Francisco G.
_974252
901 _aBK
942 _cFOLL
949 _aFolleto 17401
_bBC
_cFOLL
_d33724002068264
_eTS1
_gI.c/e
_i107130
_sb
_t$114.40
999 _c95504
_d95504